| 000 | 00359nam a22001457a 4500 | ||
|---|---|---|---|
| 008 | 250708b |||||||| |||| 00| 0 eng d | ||
| 020 | _a9780857385734 | ||
| 050 |
_aPS 3566 _b.A8242 |
||
| 100 | _aPetterson Richard North | ||
| 245 | _aThe Devils Light | ||
| 260 |
_aLondon _bQuercus _c2011 |
||
| 300 | _a342p. | ||
| 650 | _aNuclear terrorism | ||
| 942 | _cBK | ||
| 999 |
_c4179 _d4179 |
||